书目信息 |
| 题名: |
柔情
|
|
| 作者: | 米斯特拉尔 著 ;赵振江 译 | |
| 分册: | ||
| 出版信息: | 桂林 漓江出版社 2019.08 |
|
| 页数: | 17, 296页, [6] 页图版 | |
| 开本: | 22cm | |
| 丛书名: | 诺贝尔文学奖作家文集 | |
| 单 册: | ||
| 中图分类: | I784.25 | |
| 科图分类: | ||
| 主题词: | 诗集--shi ji--智利--现代 | |
| 电子资源: | ||
| ISBN: | 978-7-5407-8671-7 | |
| 000 | 01558nam 2200289 450 | |
| 001 | 202019137362 | |
| 005 | 20191026133320.0 | |
| 010 | @a978-7-5407-8671-7@b精装@dCNY50.00 | |
| 100 | @a20191022d2019 em y0chiy50 ea | |
| 101 | 1 | @achi@cspa |
| 102 | @aCN@b450000 | |
| 105 | @aaf z 000gy | |
| 106 | @ar | |
| 200 | 1 | @a柔情@Arou qing@d= Ternura@f(智) 加布列拉·米斯特拉尔著@g赵振江译@zspa |
| 210 | @a桂林@c漓江出版社@d2019.08 | |
| 215 | @a17, 296页, [6] 页图版@d22cm | |
| 225 | 2 | @a诺贝尔文学奖作家文集@Anuo bei er wen xue jiang zuo jia wen ji@i米斯特拉尔卷 |
| 314 | @a加布列拉·米斯特拉尔, 智利著名女诗人, 1945年获得诺贝尔文学奖。赵振江, 北京大学西语系教授、博士生导师, 中国作家协会会员。 | |
| 330 | @a本书稿包括《绝望集》《柔情集》《塔拉集》《葡萄压榨机》等, 皆米氏诗歌重要代表作, 且按照米氏的不同创作时期进行编选。《绝望集》内容包含三个部分: 爱情、大自然之美与宗教的神秘, 带有诗人明显的早期生活经历风格 ; 《柔情集》, 大都是儿歌或者摇篮曲, 体现了一位“为人母”所特有的“柔情”, 格调清新、语言简洁朴实 ; 《塔拉集》更加内容丰富, 风格也变得神秘朦胧、隐晦, 体现了诗人的心境在发生重要变化 ; 《葡萄压榨机》, 收录的大多是二战期间及战后的作品, 本集的诗歌走进现实, 走进广大劳动人民, 具有着广阔的人道主义情怀。 | |
| 410 | 0 | @12001 @a诺贝尔文学奖作家文集@i米斯特拉尔卷 |
| 510 | 1 | @aTernura@zeng |
| 606 | 0 | @a诗集@Ashi ji@y智利@z现代 |
| 690 | @aI784.25@v5 | |
| 701 | 1 | @a米斯特拉尔@Ami si te la er@g(Mistral, Gabriela),@f1889-1957@4著 |
| 702 | 0 | @a赵振江@Azhao zhen jiang@4译 |
| 801 | 0 | @aCN@c20190905 |
| 905 | @a河南城建学院图书馆@dI784.25@eM671 | |
| 柔情= Ternura/(智) 加布列拉·米斯特拉尔著/赵振江译.-桂林:漓江出版社,2019.08 |
| 17, 296页, [6] 页图版;22cm.-(诺贝尔文学奖作家文集.米斯特拉尔卷) |
| ISBN 978-7-5407-8671-7(精装):CNY50.00 |
| 本书稿包括《绝望集》《柔情集》《塔拉集》《葡萄压榨机》等, 皆米氏诗歌重要代表作, 且按照米氏的不同创作时期进行编选。《绝望集》内容包含三个部分: 爱情、大自然之美与宗教的神秘, 带有诗人明显的早期生活经历风格 ; 《柔情集》, 大都是儿歌或者摇篮曲, 体现了一位“为人母”所特有的“柔情”, 格调清新、语言简洁朴实 ; 《塔拉集》更加内容丰富, 风格也变得神秘朦胧、隐晦, 体现了诗人的心境在发生重要变化 ; 《葡萄压榨机》, 收录的大多是二战期间及战后的作品, 本集的诗歌走进现实, 走进广大劳动人民, 具有着广阔的人道主义情怀。 |
| ● |
| 相关链接 |
|
|
|
正题名:柔情
索取号:I784.25/M671
 
预约/预借
| 序号 | 登录号 | 条形码 | 馆藏地/架位号 | 状态 | 备注 |
| 1 | 1445912 | 214459129 | 文学库116/116文学库 30排6列5层/ [索取号:I784.25/M671] | 在馆 | |
| 2 | 1445913 | 214459138 | 文学库116/116文学库 30排6列5层/ [索取号:I784.25/M671] | 在馆 |